Computers, chess and long range planning /

Guardado en:
Autor Principal: Botvinnik, M. M. 1911-
Formato: Libro
Idioma:English
Russian
Publicado: London : New York : English Universities Press ; Springer-Verlag, 1970.
Series:Heidelberg science library ; v. 11
Etiquetas: Agregar Etiqueta
Sin Etiquetas, Sea el primero en etiquetar este registro!
LEADER 01154cam a22002535a 4500
001 MAT.inmabb002171
008 700825s1970####enka##########000#0#eng#d
005 20130430161159.0
245 1 0 |a Computers, chess and long range planning /  |c M. M. Botvinnik ; translated by Arthur Brown. 
260 |a London :  |b English Universities Press ;  |a New York :  |b Springer-Verlag,  |c 1970. 
300 |a xiii, 89 p. :  |b il. ;  |c 23 cm. 
440 0 |a Heidelberg science library ;  |v v. 11 
500 |a Traducción de: Algoritm igry v shakhamty. Moskva : "Nauka", 1968. 
504 |a Bibliografía: p. 87-89. 
505 0 |a On the computer match: USSR-USA -- The algorithm as a chess player -- A mathematical representation of chess -- The technique of constructing the map -- An experiment -- Examples for analysis -- Trends in the chess world. 
020 |a 0340169672 (London) 
020 |a 0387900128 (New York) 
020 |a 3540900128 (Berlin) 
100 1 |a Botvinnik, M. M.  |q (Mikhail Moiseevich),  |d 1911- 
240 1 0 |a Algoritm igry v shakhmaty.  |l Inglés 
084 |a 68T20  |2 msc2000 
010 |a  75085203  
041 1 |a eng  |h rus 
859 |h 68  |i B751  |p A-3837  |b BIB. MATEMATICA